000 005150000a22002050004500
003 LK-CoMWRAF
005 20231026233311.0
008 230817t ||||| |||| 00| 0 eng d
020 _a8172311540
040 _aLK-CoMWRAF
_dLK-CoMWRAF
_eLK-CoMWRAF
041 _aeng
082 _a297.27
_bFID
100 _aFidai, Rafi Ahmad
245 _aHazrat Umar Farooq :
_bThe second caliph of Islam
260 _aNew Delhi :
_bAbdul Naeem,
_c2001
300 _a60p
490 _aBook 03
650 _aIslam
942 _cBK
999 _c985
_d985